00427nam a2200169Ia 4500008004100000020001800041245002200059245006000081260001500141260001600156260000900172300001400181300002500195300001000220500000800230999001900238170705s9999 xx 000 0 und d a9780439064590 aWe are painting / cby Francie Alexander ; illustrated by Michael Grejniec. aNew York : bScholastic, c2000 a8 pages : bcolor illustration ; c23cm. a150 c337210d337210